Groundwater geochemistry:a practical guide to modeling of natural and contaminated aquatic systems (Record no. 56861)

MARC details
000 -LEADER
fixed length control field 01115nam a2200325Ia 4500
003 - CONTROL NUMBER IDENTIFIER
control field OSt
005 - DATE AND TIME OF LATEST TRANSACTION
control field 20220912150902.0
008 - FIXED-LENGTH DATA ELEMENTS--GENERAL INFORMATION
fixed length control field 220909b |||||||| |||| 00| 0 eng d
020 ## - INTERNATIONAL STANDARD BOOK NUMBER
International Standard Book Number 3540241957 (hbd)
037 ## - SOURCE OF ACQUISITION
Terms of availability Textbook
040 ## - CATALOGING SOURCE
Original cataloging agency CSL
Language of cataloging eng
Transcribing agency CSL
041 ## - LANGUAGE CODE
Language code of text/sound track or separate title eng
100 ## - MAIN ENTRY--PERSONAL NAME
Personal name Merkel Broder J
245 #0 - TITLE STATEMENT
Title Groundwater geochemistry:a practical guide to modeling of natural and contaminated aquatic systems
260 ## - PUBLICATION, DISTRIBUTION, ETC.
Place of publication, distribution, etc. Berlin
Name of publisher, distributor, etc. Springer-Verlag
Date of publication, distribution, etc. 2005
300 ## - PHYSICAL DESCRIPTION
Extent xi,200p.
Dimensions cm. Includes with CD-ROM
500 ## - GENERAL NOTE
General note Bibliographical references 185-189p; Index 191-200p
650 ## - SUBJECT ADDED ENTRY--TOPICAL TERM
Topical term or geographic name entry element Geochemistry
650 ## - SUBJECT ADDED ENTRY--TOPICAL TERM
Topical term or geographic name entry element Ground water
650 ## - SUBJECT ADDED ENTRY--TOPICAL TERM
Topical term or geographic name entry element Geology
700 ## - ADDED ENTRY--PERSONAL NAME
Personal name Nordstrom Darrell Kirk Ed.
700 ## - ADDED ENTRY--PERSONAL NAME
Personal name Planer-Friedrich Britta
942 ## - ADDED ENTRY ELEMENTS (KOHA)
Classification part H422:(E), P5 TH
Koha item type Textbook
Source of classification or shelving scheme Colon Classification (CC)
Holdings
Withdrawn status Lost status Damaged status Not for loan Home library Current library Date acquired Source of acquisition Total Checkouts Full call number Barcode Date last seen Price effective from Koha item type
        Central Science Library Central Science Library 2022-09-12 29835, 30/06/2005, Worldwide Book Traders   H422:(E) P5 TH SL1291661 2022-09-12 2022-09-12 Textbook
Copyright @ Delhi University Library System